000 00509nam a2200181 i 4500
001 40005
003 ES-MaACL
007 t|
008 030304s1978 sp ||||1| spa d
100 1 _aCarrallo Méndez, Angel.
_935488
245 1 0 _aLogística comercial /
_cAngel Carrallo Méndez.
260 _aMadrid :
_bESIC,
_c1978.
300 _a1 v. :
_b4 lám. ;
_c18 cm.
490 1 _aEnsayos Esic ;
_v1
830 0 _aEnsayos Esic ;
_v1
_9187107
852 _aES-MaACL
_jG-460
_bR.97976
999 _c40005
_d40005